L´enfant de la mer / (Registro nro. 9745)

Detalles MARC
000 -LIDER
fixed length control field 00620nam a2200217 a 4500
003 - IDENTIFICACDOR DE NÚMERO DE CONTROL
control field DO-SdBNP
005 - DATE AND TIME OF LATEST TRANSACTION
control field 20180215134402.0
008 - ELEMENTOS DE LONGITUD FIJA
fixed length control field 150826s2003 fr a 000 0 spa d
020 ## - ISBN
International Standard Book Number 9782218741142
040 ## - FUENTE DE CATALOGACIÓN
Agencia que crea de manera original el registro BPMSU
Idioma de catalogación spa
Agencia que realiza la transcripción BPMSU
082 #4 - NÚMERO DE CLASIFICACIÓN DECIMAL DE DEWEY
Classification number xxxx
Item number G861e
100 1# - ASIENTO PRINCIPAL -- NOMBRE PERSONAL
Nombre personal Grimaud, Michel
245 13 - MENCIÓN DE TITULO
Título L´enfant de la mer /
Mención de responsabilidad Michel Grimaud, Bruno Polorget
260 ## - PUBLICACIÓN, DISTRIBUCIÓN, ETC. (PIE DE IMPRENTA)
Lugar de publicación, distribución, etc Paris :
Nombre del editor, distribuidor, etc. Ribambelle, Hatier,
Fecha de publicación, distribución, etc 2003.
300 ## - DESCRIPCIÓN FÍSICA
Extensión 63 p. :
Otros detalles físicos il. ;
Dimensiones 20 cm.
500 ## - NOTA GENERAL
Nota general Método de lectura CE1
910 ## - VALIDACIÓN
Validación 00144
942 ## - ADDED ENTRY ELEMENTS (KOHA)
Source of classification or shelving scheme Dewey Decimal Classification
Koha item type Libros
945 ## - INFORMACIÓN DE PROCESAMIENTO LOCAL
Información de procesamiento local Inventariado, 2018/MFF
956 ## - LOCAL ELECTRONIC LOCATION AND ACCESS (OCLC)
Nombre de host Yngrid Lockward
Número de acceso 10
Método de acceso YLOCKWARD
Campo enlazado y núm. de secuencia BPMSU
Existencias
Withdrawn status Lost status Source of classification or shelving scheme Damaged status Not for loan Collection code Home library Current library Date acquired Source of acquisition Total Checkouts Barcode Date last seen Koha item type
    Dewey Decimal Classification     Colección Juvenil General Biblioteca Pública Metropolitana Salomé Ureña Biblioteca Pública Metropolitana Salomé Ureña 10/25/2017 Donación   BPMSU16040396 04/13/2016 Libros